| 000 | 01010cam a2200349Ii 4500 | ||
|---|---|---|---|
| 001 | 37871 | ||
| 005 | 20230410142343.0 | ||
| 008 | 770801s1974 sp 000 0 spa d | ||
| 035 | _a(OCoLC)ocm03150904 | ||
| 040 |
_aABC _cABC _dWY@ _dOCL _dMUQ _dOCLCQ |
||
| 020 | _a8420614386 | ||
| 020 | _a9788420614380 | ||
| 029 | 1 |
_aNLGGC _b053341031 |
|
| 035 | _a(OCoLC)3150904 | ||
| 043 | _ae-sp--- | ||
| 050 | 1 | 4 |
_aBX 1735 _bK15i 1974 |
| 092 | _a272.2 | ||
| 049 | _aGRAL | ||
| 100 | 1 | _aKamen, Henry. | |
| 240 | 1 | 0 |
_aSpanish Inquisition. _lSpanish |
| 245 | 1 | 3 |
_aLa Inquisición española / _cHenry Kamen ; traductor, Enrique de Obregón. |
| 250 | _a2. ed. | ||
| 260 |
_aMadrid : _bAlianza, _c1974. |
||
| 300 |
_a342 p. ; _c19 cm. |
||
| 490 | 0 |
_aEl libro de bolsillo ; _v438 : Seccion humanidades. |
|
| 500 | _aTranslation of The Spanish Inquisition. | ||
| 504 | _a"Notas" : p. 323-339. | ||
| 650 | 0 |
_aInquisition _zSpain. |
|
| 650 | 4 |
_aInquisición _zEspaña |
|
| 942 |
_2lcc _cbk |
||
| 994 |
_aC0 _bDRFGD |
||
| 999 |
_c94127 _d94127 |
||